Tower Defense Simulator Event Bosses (Update 5) - Statistics

General Stats
  • This quiz has been taken 39 times
    8 since last reset
  • The average score is 27 of 35
Answer Stats
Boss Hint Boss Event Year % Correct
Egg hunt 2020 Ducky D00M Easter 2020
100%
Mecha-Duck Ducky D00M Duck Hunt 2022
100%
The first boss to have 1 million HP Frost Spirit Frost Invasion 2021
100%
Back with a COLDER design Frost Spirit Operation I.C.E 2024
100%
The first boss based on a national holiday Jack O Bot Halloween 2019
100%
Bro became an actor Jack O Bot Lunar Overture 2023
100%
The weakest event major boss Jaxe Solar Eclipse 2021
100%
The first christmas boss Krampus Christmas 2019
100%
HE IS COLD AND WANTS REVENGE Krampus Krampus' Revenge 2023
100%
The first boss to have voicelines Lord Sinister Halloween 2020
100%
SIMP Penumbras Solar Eclipse 2021
100%
Based on Area 51 Raider Boss Area 51 2019
100%
Remake of the swamp thing enemy Swamp Monster Solar Eclipse 2021
100%
The first ever event boss Swordmaster Sword Fighting On The Heights 2019
100%
The first female major boss The Umbra Solar Eclipse 2021
100%
2 literal hands Left Hand Lunar Overture 2023
83%
A rather insane and humorous boss who constantly breaks the fourth wall. Narrator The Final Act
83%
Right Hand Lunar Overture 2023
83%
A tower but it's an enemy Executioner Lunar Overture 2023
67%
Dancing weirdo Fey Yoshida Metaverse Champions 2021
67%
A literal Roblox package Korblox Deathwalker The Hunt 2024
67%
Korblox Deathwalker The Classic 2024
67%
Working with the fallen empire now Korblox Deathwalker The Hunt Mega Edition 2025
67%
One of the children of EXO Titus Hexscape 2024
67%
Has 3M health if you don't do a certain task in time Conserver Hexscape 2024
50%
Developer of pls donate Corrupted Haz3mn Pls Donate 2024
50%
Back again with more upgrades and repairs Ducky D00M 3 Ducky Revenge 2025
50%
A duck with glasses that creates a huge mech. Nerd Duck Ducky Revenge
50%
Nullified version of an important support tower. Null Commander Null & Void 2025
50%
A large guardian of the Old World. Null Guardian Null & Void
50%
The final boss' love interest. Producer The Final Act 2025
50%
The one who holds the realms together and served Two X. Rift Walker Null & Void
50%
dop dop yes yes Toilet Boss April Fools 2024
50%
The final boss of Christmas 2022 Mecha Clause Violent Night 2022
33%
Ignores the path Primordial Drakobloxxer Hexscape 2024
33%
No matching quizzes found
Score Distribution
Percent of People with Each Score
Percentile by Number Answered
Your Score History
You have not taken this quiz since the last reset